Spurensuche : Wege zu Athanasius Kircher /

محفوظ في:

مؤلفون آخرون: Beinlich, Horst., Vollrath, Hans-Joachim., Wittstadt, Klaus.

التنسيق: كتاب

اللغة: German

منشور في: Dettelbach : Verlag J. H. Röll, c2002.

الموضوعات:

الوسوم: إضافة وسم

لا توجد وسوم, كن أول من يضع وسما على هذه التسجيلة!

رقم الطلب: CT1098 .K46 S68 2002

LEADER 00769namaa2200241 4500
001 22300
003 OSt
005 20251116125719.0
008 130303s2002 gw a 000 0 ger d
020 |a 3897542137 
040 |c ARCE Library 
050 4 |a CT1098 .K46 S68 2002 
245 0 0 |a Spurensuche :   |b Wege zu Athanasius Kircher /   |c [Herausgeber : Horst Beinlich, Hans-Joachim Vollrath, Klaus Wittstadt].  
264 1 |a Dettelbach :  |b Verlag J. H. Röll,  |c c2002.  
300 |a 188 pages :  |b Illustrations ;  |c 23 x 24 cm.  
555 |a Nabil 
600 1 0 |a Kircher, Athanasius,  |d 1602-1680.   |9 33981 
700 1 |a Beinlich, Horst.  
700 1 |a Vollrath, Hans-Joachim.   |9 41751 
700 1 |a Wittstadt, Klaus.  |9 42330 
901 |a reviewed 
942 |c BK  |2 lcc 
999 |c 21289  |d 21289